New guide to siting mobile phone masts (Record no. 71583)
[ view plain ]
| 000 -LEADER | |
|---|---|
| fixed length control field | 01112cam a2200229 4500 |
| 001 - CONTROL NUMBER | |
| control field | WB3843-13 |
| 008 - FIXED-LENGTH DATA ELEMENTS--GENERAL INFORMATION | |
| fixed length control field | 021119n2002 000 0 eng u |
| 035 ## - SYSTEM CONTROL NUMBER | |
| System control number | (Sirsi) u120498 |
| 245 ## - TITLE STATEMENT | |
| Title | New guide to siting mobile phone masts |
| 260 ## - PUBLICATION, DISTRIBUTION, ETC. | |
| Date of publication, distribution, etc. | 2002 |
| 490 ## - SERIES STATEMENT | |
| Series statement | ODPM News Release |
| Volume/sequential designation | (120) 11 November 2002, (3) |
| 520 ## - SUMMARY, ETC. | |
| Summary, etc. | A new code of best practice for the siting of mobile phone masts has been produced jointly by central and local government and the mobile phone industry. The code builds on the revised planning arrangements introduced in August 2001 with the emphasis on greater consultation between councils, communities and mobile phone operators. The code is available at http://www.planning.odpm.gov.uk/telecomms/index.htm ODPM News Release htttp://www.odpm.gov.uk/news/0211/0120.htm |
| 590 ## - LOCAL NOTE (RLIN) | |
| Local note | WB |
| 650 ## - SUBJECT ADDED ENTRY--TOPICAL TERM | |
| Topical term or geographic name entry element | MOBILE PHONE MASTS |
| 650 ## - SUBJECT ADDED ENTRY--TOPICAL TERM | |
| Topical term or geographic name entry element | MOBILE PHONES |
| 650 ## - SUBJECT ADDED ENTRY--TOPICAL TERM | |
| Topical term or geographic name entry element | PLANNING APPLICATIONS |
| 650 ## - SUBJECT ADDED ENTRY--TOPICAL TERM | |
| Topical term or geographic name entry element | TELECOMMUNICATIONS |
| 650 ## - SUBJECT ADDED ENTRY--TOPICAL TERM | |
| Topical term or geographic name entry element | CODE OF BEST PRACTICE |
| 650 ## - SUBJECT ADDED ENTRY--TOPICAL TERM | |
| Topical term or geographic name entry element | LOCAL AUTHORITIES |
| 690 ## - LOCAL SUBJECT ADDED ENTRY--TOPICAL TERM (OCLC, RLIN) | |
| Topical term or geographic name as entry element | ENVIRONMENTAL AND LAND CONSULTANCY-PLANNING AND DEVELOPMENT |
| 942 ## - ADDED ENTRY ELEMENTS (KOHA) | |
| Suppress in OPAC | 0 |
| Withdrawn status | Lost status | Source of classification or shelving scheme | Damaged status | Not for loan | Home library | Current library | Shelving location | Date acquired | Total Checkouts | Full call number | Barcode | Date last seen | Copy number | Price effective from | Koha item type |
|---|---|---|---|---|---|---|---|---|---|---|---|---|---|---|---|
| Dewey Decimal Classification | London | London | News article | 19/11/2002 | WB3843-13 | 120498-1001 | 06/08/2019 | 1 | 06/08/2019 | News article |